[Event "Ruhrgebiet Verbandsliga Gruppe 2 1819"]
[Site "Nordrheinwestfalen"]
[Date "2019.03.24"]
[Round "8.3"]
[White "Schlaap, Ralf"]
[Black "Hoefker, Mathias"]
[Result "1-0"]
[WhiteElo "2039"]
[BlackElo "2078"]
[PlyCount "81"]
[EventDate "2018.09.23"]
[EventType "team-tourn"]
[EventRounds "9"]
[EventCountry "GER"]
[SourceTitle "EXT 2022"]
[Source "ChessBase"]
[SourceDate "2021.10.06"]
[SourceVersion "1"]
[SourceVersionDate "2021.10.06"]
[SourceQuality "1"]
[WhiteTeam "Hamm SV"]
[BlackTeam "Recklinghausen Sued"]
[WhiteTeamCountry "GER"]
[BlackTeamCountry "GER"]

1. d4 Nf6 2. c4 e6 3. Nf3 d5 4. Nc3 c6 5. cxd5 exd5 6. Bf4 Be7 7. Qc2 0-0 8. h3 c5 9. dxc5 Nc6 10. e3 Bxc5 11. Be2 Be6 12. 0-0 Qe7 13. Rac1 a6 14. Rfd1 Ba7 15. Nd4 Nxd4 16. exd4 Rac8 17. Qd3 Qd7 18. Bf3 Bf5 19. Qf1 Rfe8 20. g4 Be4 21. Be2 Bg6 22. f3 h5 23. Kg2 Nh7 24. Qf2 Nf8 25. Bf1 Ne6 26. Be3 Bb8 27. Ne2 f5 28. Qh4 Qd6 29. f4 fxg4 30. Kf2 Rxc1 31. Bxc1 gxh3 32. Bxh3 Rf8 33. Kg1 Bc7 34. a3 Bd8 35. Qg3 Kh7 36. f5 Qxg3+ 37. Nxg3 Nxd4 38. fxg6+ Kxg6 39. Rxd4 Bb6 40. Ne2 Rf3 41. Kg2 1-0

[Event "Ruhrgebiet Regionalliga 1617"]
[Site "Germany"]
[Date "2017.05.07"]
[Round "9.3"]
[White "Huettemann, Karl Heinz"]
[Black "Schlaap, Ralf"]
[Result "1/2-1/2"]
[WhiteElo "2054"]
[BlackElo "2072"]
[PlyCount "85"]
[EventDate "2016.09.11"]
[EventType "team-tourn"]
[EventRounds "9"]
[EventCountry "GER"]
[SourceTitle "EXT 2022"]
[Source "ChessBase"]
[SourceDate "2021.10.06"]
[SourceVersion "1"]
[SourceVersionDate "2021.10.06"]
[SourceQuality "1"]
[WhiteTeam "Dortmund SV"]
[BlackTeam "Hamm SV"]
[WhiteTeamCountry "GER"]
[BlackTeamCountry "GER"]

1. c4 Nf6 2. Nc3 c5 3. g3 d5 4. cxd5 Nxd5 5. Bg2 Nxc3 6. bxc3 g6 7. d4 Bg7 8. e3 0-0 9. Ne2 Qc7 10. 0-0 Rd8 11. Ba3 Na6 12. Rb1 Rb8 13. Qb3 b5 14. Rfc1 Qa5 15. dxc5 Be6 16. Bb4 Qxa2 17. Qxa2 Bxa2 18. Rb2 Nxb4 19. Rxb4 e5 20. Rb2 Bc4 21. Ra1 Rbc8 22. Rxa7 Rd1+ 23. Bf1 Bf8 24. g4 Bxc5 25. Ra5 f5 26. gxf5 gxf5 27. Raxb5 Bxb5 28. Rxb5 Kf7 29. Kg2 Bd6 30. f4 Ke6 31. Kf2 Rb8 32. c4 Rxb5 33. cxb5 exf4 34. Nxf4+ Bxf4 35. exf4 Rd2+ 36. Be2 Rb2 37. Ke3 h6 38. h4 Kd5 39. h5 Rb3+ 40. Bd3 Kc5 41. Ke2 Rb2+ 42. Ke3 Rb3 43. Ke2 1/2-1/2

[Event "Ruhrgebiet Regionalliga 1617"]
[Site "Germany"]
[Date "2017.03.19"]
[Round "8.3"]
[White "Schlaap, Ralf"]
[Black "Limbourg, Philipp"]
[Result "1-0"]
[WhiteElo "2092"]
[BlackElo "2180"]
[PlyCount "107"]
[EventDate "2016.09.11"]
[EventType "team-tourn"]
[EventRounds "9"]
[EventCountry "GER"]
[SourceTitle "EXT 2022"]
[Source "ChessBase"]
[SourceDate "2021.10.06"]
[SourceVersion "1"]
[SourceVersionDate "2021.10.06"]
[SourceQuality "1"]
[WhiteTeam "Hamm SV"]
[BlackTeam "Muelheim Nord III"]
[WhiteTeamCountry "GER"]
[BlackTeamCountry "GER"]

1. d4 Nf6 2. c4 c5 3. Nf3 cxd4 4. Nxd4 b6 5. Nc3 Bb7 6. f3 e6 7. e4 d6 8. Be3 Be7 9. Be2 0-0 10. 0-0 Nbd7 11. Qd2 a6 12. Rfd1 Rc8 13. Rac1 Qc7 14. Qe1 Rfe8 15. Qf2 Qb8 16. g4 g6 17. h3 Bf8 18. Nb3 Nc5 19. Nd2 d5 20. g5 Nh5 21. cxd5 exd5 22. exd5 Rxe3 23. Qxe3 Qg3+ 24. Kf1 Qxh3+ 25. Ke1 Bd6 26. Nce4 Nxe4 27. Rxc8+ Bxc8 28. Nxe4 Bb4+ 29. Nc3 Qh4+ 30. Kd2 Bf5 31. Bd3 Bd7 32. Kc2 Nf4 33. Qxb6 Nxd3 34. Qd8+ Bf8 35. Qxd7 Nc5 36. Qg4 Qh2+ 37. Rd2 Qc7 38. Qc4 Qe5 39. Ne4 Qf5 40. d6 Nd7 41. Qd5 Qf4 42. Nf6+ Nxf6 43. gxf6 Qa4+ 44. Kb1 Qd7 45. a3 h5 46. Rd4 h4 47. Rxh4 Qxd6 48. Qxd6 Bxd6 49. Ra4 Be5 50. Rxa6 g5 51. b4 Kh7 52. b5 Kg6 53. b6 Kf5 54. Ra5 1-0

[Event "Ruhrgebiet Verbandsliga Gruppe 2 1516"]
[Site "Germany"]
[Date "2016.01.24"]
[Round "6.4"]
[White "Mueller, Martin"]
[Black "Schlaap, Ralf"]
[Result "0-1"]
[WhiteElo "2019"]
[BlackElo "2074"]
[PlyCount "52"]
[EventDate "2015.09.06"]
[EventType "team-tourn"]
[EventRounds "9"]
[EventCountry "GER"]
[SourceTitle "EXT 2022"]
[Source "ChessBase"]
[SourceDate "2021.10.06"]
[SourceVersion "1"]
[SourceVersionDate "2021.10.06"]
[SourceQuality "1"]
[WhiteTeam "Wanne-Eickel SV Unser Fritz"]
[BlackTeam "Hamm SV"]
[WhiteTeamCountry "GER"]
[BlackTeamCountry "GER"]

1. e4 c5 2. Nf3 d6 3. d4 cxd4 4. Nxd4 Nf6 5. Nc3 a6 6. Bg5 e6 7. f4 b5 8. e5 dxe5 9. fxe5 Qc7 10. exf6 Qe5+ 11. Be2 Qxg5 12. 0-0 Ra7 13. Kh1 Rd7 14. Bf3 Bc5 15. Ne4 Qe5 16. fxg7 Qxg7 17. Nxc5 Rxd4 18. Qe1 0-0 19. c3 Rc4 20. Qf2 Kh8 21. Be2 Rxc5 22. Qxc5 Nd7 23. Qc7 Ne5 24. Rad1 Qg5 25. Qc5 Rg8 26. g3 Bb7+ 0-1

[Event "Ruhrgebiet Verbandsliga Gruppe 2 1516"]
[Site "Germany"]
[Date "2015.09.27"]
[Round "2.4"]
[White "Achenbach, Volker"]
[Black "Schlaap, Ralf"]
[Result "1-0"]
[WhiteElo "2232"]
[BlackElo "2074"]
[PlyCount "37"]
[EventDate "2015.09.06"]
[EventType "team-tourn"]
[EventRounds "9"]
[EventCountry "GER"]
[SourceTitle "EXT 2022"]
[Source "ChessBase"]
[SourceDate "2021.10.06"]
[SourceVersion "1"]
[SourceVersionDate "2021.10.06"]
[SourceQuality "1"]
[WhiteTeam "Muelheim SC"]
[BlackTeam "Hamm SV"]
[WhiteTeamCountry "GER"]
[BlackTeamCountry "GER"]

1. e4 e6 2. d4 d5 3. Nc3 Bb4 4. Nge2 dxe4 5. a3 Be7 6. Nxe4 Nc6 7. c3 Nf6 8. N2g3 0-0 9. Bc4 b6 10. 0-0 Bb7 11. Qe2 Qd7 12. b4 Rad8 13. Rd1 Nd5 14. Rd3 e5 15. b5 Na5 16. Ba2 Qxb5 17. Nf5 Rde8 18. Nxg7 Kxg7 19. Rg3+ 1-0

[Event "NRW Verbandsliga Group2 1314"]
[Site "Nordrheinwestfalen"]
[Date "2014.04.06"]
[Round "9"]
[White "Schlaap, Ralf"]
[Black "Pustelny Conrad, Dieter"]
[Result "1/2-1/2"]
[WhiteElo "2108"]
[BlackElo "1924"]
[PlyCount "28"]
[EventDate "2013.09.08"]
[EventType "team-tourn"]
[EventRounds "9"]
[EventCountry "GER"]
[SourceTitle "EXT 2020"]
[Source "ChessBase"]
[SourceDate "2019.10.17"]
[SourceVersion "1"]
[SourceVersionDate "2019.10.17"]
[SourceQuality "1"]
[WhiteTeam "Hamm SVg"]
[BlackTeam "Wattenscheid SV IV"]
[WhiteTeamCountry "GER"]
[BlackTeamCountry "GER"]

1. e4 c5 2. Nc3 d6 3. g3 Nc6 4. Bg2 g6 5. d3 Bg7 6. Nge2 e6 7. 0-0 Nge7 8. Be3 0-0 9. d4 cxd4 10. Nxd4 Nxd4 11. Bxd4 Nc6 12. Bxg7 Kxg7 13. Qd2 Qb6 14. b3 Qd4 1/2-1/2

[Event "NRW Verbandsliga Group2 1314"]
[Site "Nordrheinwestfalen"]
[Date "2014.01.26"]
[Round "6"]
[White "Mallee, Ralph"]
[Black "Schlaap, Ralf"]
[Result "1/2-1/2"]
[WhiteElo "2115"]
[BlackElo "2108"]
[PlyCount "49"]
[EventDate "2013.09.08"]
[EventType "team-tourn"]
[EventRounds "9"]
[EventCountry "GER"]
[SourceTitle "EXT 2020"]
[Source "ChessBase"]
[SourceDate "2019.10.17"]
[SourceVersion "1"]
[SourceVersionDate "2019.10.17"]
[SourceQuality "1"]
[WhiteTeam "Dortmund SV"]
[BlackTeam "Hamm SVg"]
[WhiteTeamCountry "GER"]
[BlackTeamCountry "GER"]

1. e4 e6 2. d4 d5 3. Nd2 Be7 4. c3 c5 5. e5 cxd4 6. cxd4 Nh6 7. Bd3 Nc6 8. Ne2 Nf5 9. Nf3 Qb6 10. 0-0 Bd7 11. Bxf5 exf5 12. Nc3 Be6 13. Qd3 0-0 14. Rd1 Rac8 15. Qe2 Na5 16. Bg5 Bb4 17. Na4 Qc6 18. a3 Qxa4 19. axb4 Qxb4 20. Bd2 Qc4 21. Qxc4 Nxc4 22. Bb4 Rfe8 23. b3 a5 24. Be1 Nb6 25. Bxa5 1/2-1/2

[Event "NRW Verbandsliga Group2 1314"]
[Site "Nordrheinwestfalen"]
[Date "2013.11.24"]
[Round "4"]
[White "Schlaap, Ralf"]
[Black "Jaring, Thorsten"]
[Result "1-0"]
[WhiteElo "2108"]
[BlackElo "1943"]
[PlyCount "159"]
[EventDate "2013.09.08"]
[EventType "team-tourn"]
[EventRounds "9"]
[EventCountry "GER"]
[SourceTitle "EXT 2020"]
[Source "ChessBase"]
[SourceDate "2019.10.17"]
[SourceVersion "1"]
[SourceVersionDate "2019.10.17"]
[SourceQuality "1"]
[WhiteTeam "Hamm SVg"]
[BlackTeam "Recklinghausen Laeufer Ost"]
[WhiteTeamCountry "GER"]
[BlackTeamCountry "GER"]

1. c4 Nf6 2. Nc3 g6 3. Nf3 Bg7 4. d4 0-0 5. g3 d6 6. Bg2 c6 7. 0-0 Nbd7 8. e4 e5 9. Re1 Qc7 10. h3 exd4 11. Nxd4 Re8 12. Be3 Nc5 13. Qc2 a5 14. f4 Nh5 15. Nde2 Be6 16. b3 Rad8 17. Rad1 Na6 18. Na4 Nb4 19. Qb1 Ra8 20. Bb6 Qe7 21. a3 Na6 22. Bf2 f5 23. Nd4 Bxd4 24. Rxd4 Qf8 25. Qd1 fxe4 26. Rdxe4 Bf7 27. Qd2 Rxe4 28. Rxe4 Nf6 29. Rd4 d5 30. Nb6 Re8 31. Qxa5 Nc5 32. Qb4 dxc4 33. bxc4 Nce4 34. Qxf8+ Kxf8 35. g4 Nc3 36. Bf3 Ne2+ 37. Bxe2 Rxe2 38. Kf1 Re4 39. Rxe4 Nxe4 40. Be3 Ke7 41. Ke2 Kd6 42. Kd3 Nf6 43. Bd4 Nd7 44. Na4 Ke7 45. Nc3 Be6 46. Nd1 b5 47. cxb5 cxb5 48. Ke4 Kd6 49. Nc3 Bc4 50. f5 gxf5+ 51. Kxf5 Ke7 52. Kg5 Kf7 53. Kh6 Bd3 54. Nd5 Bb1 55. h4 Be4 56. Ne3 Nf8 57. Nf5 Bd3 58. Bc3 Ng6 59. Kg5 Ne7 60. Ng3 Nd5 61. Bd2 Nf6 62. Kf4 Ke6 63. Ke3 Bc4 64. g5 Ng4+ 65. Kf4 Ne5 66. Ne4 Ng6+ 67. Kg3 Ne7 68. h5 Be2 69. h6 Kf5 70. Nf6 Kg6 71. Kf4 Bc4 72. Ke5 Nc6+ 73. Ke4 Ne7 74. Nd7 Bb3 75. Ne5+ Kh5 76. Kd4 Ng6 77. Nd7 Ne7 78. Kc5 Bc4 79. a4 Be6 80. Nf8 1-0

[Event "NRW Verbandsliga Group2 1314"]
[Site "Nordrheinwestfalen"]
[Date "2013.10.13"]
[Round "2"]
[White "Schlaap, Ralf"]
[Black "Heisterkamp, Oliver"]
[Result "1/2-1/2"]
[WhiteElo "2108"]
[BlackElo "2006"]
[PlyCount "55"]
[EventDate "2013.09.08"]
[EventType "team-tourn"]
[EventRounds "9"]
[EventCountry "GER"]
[SourceTitle "EXT 2020"]
[Source "ChessBase"]
[SourceDate "2019.10.17"]
[SourceVersion "1"]
[SourceVersionDate "2019.10.17"]
[SourceQuality "1"]
[WhiteTeam "Hamm SVg"]
[BlackTeam "Osterfeld Schwarze Dame"]
[WhiteTeamCountry "GER"]
[BlackTeamCountry "GER"]

1. d4 g6 2. c4 Bg7 3. Nc3 a6 4. e4 Nc6 5. d5 Nd4 6. Be3 c5 7. dxc6 dxc6 8. Nge2 e5 9. Qd2 Bg4 10. 0-0-0 Nxe2+ 11. Bxe2 Qxd2+ 12. Rxd2 Bxe2 13. Nxe2 Rd8 14. Rhd1 Rxd2 15. Rxd2 Nf6 16. f3 Nd7 17. Kc2 Kd8 18. Kc3 Kc7 19. c5 Rd8 20. Kc4 Bf6 21. Nc3 Nf8 22. Rxd8 Bxd8 23. b4 Ne6 24. a4 Kd7 25. Ne2 Be7 26. Nc1 Bg5 27. Bxg5 Nxg5 28. Nd3 1/2-1/2

[Event "Ruhrgebiet Verbandsliga1 1213"]
[Site "Nordrheinwestfalen"]
[Date "2013.04.07"]
[Round "8.3"]
[White "Zelt, Jens"]
[Black "Schlaap, Ralf"]
[Result "1/2-1/2"]
[WhiteElo "2032"]
[BlackElo "2074"]
[PlyCount "173"]
[EventDate "2012.09.02"]
[EventType "team-tourn"]
[EventRounds "9"]
[EventCountry "GER"]
[SourceTitle "EXT 2020"]
[Source "ChessBase"]
[SourceDate "2019.10.17"]
[SourceVersion "1"]
[SourceVersionDate "2019.10.17"]
[SourceQuality "1"]
[WhiteTeam "Dortmund Hansa III"]
[BlackTeam "Hamm SVg"]
[WhiteTeamCountry "GER"]
[BlackTeamCountry "GER"]

1. d4 Nf6 2. Nf3 d5 3. Bf4 c5 4. c3 Qb6 5. Qb3 c4 6. Qc2 Nc6 7. Nbd2 Bg4 8. e4 Bxf3 9. gxf3 e6 10. Bg2 Be7 11. Nf1 0-0 12. Ng3 Rfe8 13. 0-0 Qd8 14. Rad1 b5 15. Bc1 b4 16. f4 Qa5 17. f5 Qxa2 18. fxe6 fxe6 19. exd5 exd5 20. Qf5 bxc3 21. bxc3 Kh8 22. Bxd5 Nxd5 23. Qxd5 Qa4 24. Be3 Rad8 25. Qg2 a5 26. Ra1 Qb5 27. Rfb1 Qd5 28. Qxd5 Rxd5 29. Ra4 Nb4 30. Bd2 Nd3 31. Rxc4 Kg8 32. Ra4 Bd8 33. Be3 Rd7 34. Ra2 Rf7 35. Rd2 Nf4 36. Bxf4 Rxf4 37. Re2 Ref8 38. Rbb2 Bc7 39. Re7 R4f7 40. Rxf7 Rxf7 41. Kg2 Kf8 42. h3 Ke7 43. Ne4 Kd7 44. d5 Rf8 45. f3 Ra8 46. Ra2 a4 47. Kf2 a3 48. Ke3 Ra5 49. Kd4 Bd6 50. Kc4 Be7 51. Kd4 Rb5 52. d6 Bxd6 53. Nxd6 Kxd6 54. Rxa3 Rh5 55. Ra6+ Ke7 56. c4 Rxh3 57. f4 Rf3 58. Ke4 Rc3 59. Kd4 Rc1 60. c5 h5 61. Kd5 Rd1+ 62. Ke5 Re1+ 63. Kf5 Rc1 64. Ra7+ Kd8 65. Rxg7 Rxc5+ 66. Ke6 Rc6+ 67. Kf5 Ke8 68. Rh7 Kf8 69. Kg5 Ra6 70. Kxh5 Rb6 71. Ra7 Rc6 72. Kg5 Rb6 73. f5 Rc6 74. Ra4 Rb6 75. Re4 Kf7 76. Rh4 Kg7 77. Rd4 Kf7 78. Rd7+ Kf8 79. Rh7 Ra6 80. Rh6 Rxh6 81. Kxh6 Kf7 82. Kg5 Kg7 83. f6+ Kf7 84. Kf5 Kf8 85. Ke6 Ke8 86. f7+ Kf8 87. Kf6 1/2-1/2

[Event "Ruhrgebiet Verbandsliga1 1213"]
[Site "Nordrheinwestfalen"]
[Date "2013.02.03"]
[Round "6.3"]
[White "Brockmann, Michael"]
[Black "Schlaap, Ralf"]
[Result "0-1"]
[WhiteElo "1965"]
[BlackElo "2074"]
[PlyCount "90"]
[EventDate "2012.09.02"]
[EventType "team-tourn"]
[EventRounds "9"]
[EventCountry "GER"]
[SourceTitle "EXT 2020"]
[Source "ChessBase"]
[SourceDate "2019.10.17"]
[SourceVersion "1"]
[SourceVersionDate "2019.10.17"]
[SourceQuality "1"]
[WhiteTeam "Eichlinghofen SV"]
[BlackTeam "Hamm SVg"]
[WhiteTeamCountry "GER"]
[BlackTeamCountry "GER"]

1. d4 Nf6 2. Nf3 g6 3. c4 Bg7 4. Nc3 0-0 5. e4 d6 6. Be2 e5 7. d5 Nbd7 8. 0-0 Nc5 9. Nd2 a5 10. b3 Ne8 11. a3 f5 12. Bb2 Nf6 13. Qc2 Bh6 14. b4 Bxd2 15. bxc5 Bxc3 16. Bxc3 Nxe4 17. Bb2 Nxc5 18. f4 Qe7 19. Rae1 Bd7 20. Bf3 e4 21. Qc3 Kf7 22. Bd1 Nd3 23. Ba1 Nxe1 24. Rxe1 b6 25. g4 Rg8 26. g5 Raf8 27. Bb3 Ke8 28. c5 a4 29. Bc2 bxc5 30. Qa5 h6 31. h4 hxg5 32. hxg5 Rh8 33. Qxc7 Rh4 34. Bd1 Rxf4 35. Qb8+ Qd8 36. Qxd8+ Kxd8 37. Bg7 Rf7 38. Bc3 Rh7 39. Be2 Rfh4 40. Bf6+ Kc7 41. Bf1 Rh1+ 42. Kg2 R7h2+ 43. Kg3 Ra2 44. Rb1 Bb5 45. Bc4 Rxa3+ 0-1

[Event "Ruhrgebiet Verbandsliga1 1213"]
[Site "Nordrheinwestfalen"]
[Date "2012.10.28"]
[Round "3"]
[White "Schlaap, Ralf"]
[Black "Boehm, Ingo"]
[Result "1-0"]
[WhiteElo "2074"]
[BlackElo "2066"]
[PlyCount "65"]
[EventDate "2012.09.02"]
[EventType "team-tourn"]
[EventRounds "9"]
[EventCountry "GER"]
[SourceTitle "EXT 2020"]
[Source "ChessBase"]
[SourceDate "2019.10.17"]
[SourceVersion "1"]
[SourceVersionDate "2019.10.17"]
[SourceQuality "1"]
[WhiteTeam "Hamm SVg"]
[BlackTeam "Bochum-Linden-Dahlhausen"]
[WhiteTeamCountry "GER"]
[BlackTeamCountry "GER"]

1. d4 d6 2. Nf3 g6 3. g3 Nf6 4. Bg2 Bg7 5. 0-0 0-0 6. c4 Nc6 7. d5 Na5 8. Nfd2 c5 9. Qc2 Rb8 10. Nc3 a6 11. b3 b5 12. Bb2 Ng4 13. h3 Ne5 14. f4 Nd7 15. Rae1 bxc4 16. bxc4 Rb4 17. Nd1 e6 18. Bxg7 Kxg7 19. e4 exd5 20. exd5 Qf6 21. Re4 Nb6 22. g4 Kg8 23. f5 gxf5 24. gxf5 Kh8 25. Ref4 Bd7 26. a3 Ra4 27. R1f3 Qa1 28. Qb2+ Qxb2 29. Nxb2 f6 30. Bf1 Re8 31. Kf2 Re5 32. Nxa4 Nxa4 33. Ne4 1-0

[Event "Ruhrgebiet Verbandsliga1 1213"]
[Site "Nordrheinwestfalen"]
[Date "2012.09.02"]
[Round "1"]
[White "Schlaap, Ralf"]
[Black "Kiese, Matthias"]
[Result "1/2-1/2"]
[WhiteElo "2074"]
[BlackElo "2125"]
[PlyCount "59"]
[EventDate "2012.09.02"]
[EventType "team-tourn"]
[EventRounds "9"]
[EventCountry "GER"]
[SourceTitle "EXT 2020"]
[Source "ChessBase"]
[SourceDate "2019.10.17"]
[SourceVersion "1"]
[SourceVersionDate "2019.10.17"]
[SourceQuality "1"]
[WhiteTeam "Hamm SVg"]
[BlackTeam "Bochum SV II"]
[WhiteTeamCountry "GER"]
[BlackTeamCountry "GER"]

1. d4 d5 2. c4 e6 3. Nc3 Nf6 4. Bg5 Be7 5. e3 0-0 6. Nf3 Nbd7 7. Rc1 c6 8. Bd3 h6 9. Bh4 dxc4 10. Bxc4 b5 11. Bd3 Bb7 12. 0-0 Rc8 13. Bxf6 Nxf6 14. Ne4 Nd7 15. Nc5 Nxc5 16. dxc5 Bf6 17. b4 a5 18. Rb1 axb4 19. Rxb4 Qa5 20. Qb3 Rfd8 21. Bxb5 cxb5 22. Rxb5 Qa6 23. Rxb7 Rxc5 24. Rb6 Qa5 25. a4 Rc3 26. Qb4 Qxb4 27. Rxb4 Ra3 28. g3 Ra8 29. Rd1 R3xa4 30. Rb7 1/2-1/2

[Event "Ruhrgebiet Verbandsliga2 1112"]
[Site "Nordrheinwestfalen"]
[Date "2012.02.05"]
[Round "6.4"]
[White "Schlaap, Ralf"]
[Black "Dawid, Adalbert"]
[Result "1/2-1/2"]
[WhiteElo "2183"]
[BlackElo "1794"]
[PlyCount "33"]
[EventDate "2011.09.18"]
[EventType "team-tourn"]
[EventRounds "9"]
[EventCountry "GER"]
[SourceTitle "EXT 2020"]
[Source "ChessBase"]
[SourceDate "2019.10.17"]
[SourceVersion "1"]
[SourceVersionDate "2019.10.17"]
[SourceQuality "1"]
[WhiteTeam "Hamm SVg"]
[BlackTeam "Dortmund Hansa IV"]
[WhiteTeamCountry "GER"]
[BlackTeamCountry "GER"]

1. Nf3 Nf6 2. c4 c5 3. Nc3 Nc6 4. e3 g6 5. d4 cxd4 6. Nxd4 d6 7. Be2 Bg7 8. 0-0 0-0 9. b3 Bd7 10. Bb2 a6 11. Qd2 Nxd4 12. exd4 Qa5 13. a3 Qb6 14. b4 Bf5 15. Bf3 Rac8 16. Qe2 Rfe8 17. c5 1/2-1/2

[Event "Ruhrgebiet Verbandsliga2 1112"]
[Site "Nordrheinwestfalen"]
[Date "2012.01.08"]
[Round "5.3"]
[White "Lange, Andreas"]
[Black "Schlaap, Ralf"]
[Result "0-1"]
[WhiteElo "2033"]
[BlackElo "2183"]
[PlyCount "35"]
[EventDate "2011.09.18"]
[EventType "team-tourn"]
[EventRounds "9"]
[EventCountry "GER"]
[SourceTitle "EXT 2020"]
[Source "ChessBase"]
[SourceDate "2019.10.17"]
[SourceVersion "1"]
[SourceVersionDate "2019.10.17"]
[SourceQuality "1"]
[WhiteTeam "Doppelbauer Brambauer"]
[BlackTeam "Hamm SVg"]
[WhiteTeamCountry "GER"]
[BlackTeamCountry "GER"]

1. b3 d5 2. Bb2 Bf5 3. e3 Nf6 4. Nf3 e6 5. d3 h6 6. Nbd2 Be7 7. Qe2 0-0 8. h3 c5 9. g4 Bg6 10. Rg1 Nc6 11. g5 hxg5 12. Rxg5 d4 13. Nc4 Nd5 14. Rg1 Bf6 15. exd4 cxd4 16. 0-0-0 Qc7 17. Re1 b5 18. Ncd2 0-1

[Event "Ruhrgebiet Verbandsliga2 1112"]
[Site "Nordrheinwestfalen"]
[Date "2011.09.18"]
[Round "1.3"]
[White "Kruse, Peter"]
[Black "Schlaap, Ralf"]
[Result "0-1"]
[WhiteElo "2029"]
[BlackElo "2183"]
[PlyCount "68"]
[EventDate "2011.09.18"]
[EventType "team-tourn"]
[EventRounds "9"]
[EventCountry "GER"]
[SourceTitle "EXT 2020"]
[Source "ChessBase"]
[SourceDate "2019.10.17"]
[SourceVersion "1"]
[SourceVersionDate "2019.10.17"]
[SourceQuality "1"]
[WhiteTeam "Gladbeck SG"]
[BlackTeam "Hamm SVg"]
[WhiteTeamCountry "GER"]
[BlackTeamCountry "GER"]

1. e4 c6 2. d4 d5 3. exd5 cxd5 4. c4 Nf6 5. Nc3 Nc6 6. Nf3 Bg4 7. cxd5 Nxd5 8. Qb3 Bxf3 9. gxf3 Nb6 10. d5 Nd4 11. Qd1 e5 12. dxe6 fxe6 13. Be3 Bc5 14. Bxd4 Bxd4 15. Bb5+ Kf7 16. Qd2 Bxc3 17. Qxc3 Rc8 18. Qe5 Qf6 19. Qxf6+ Kxf6 20. Rd1 Rc2 21. Rd2 Rc1+ 22. Rd1 Rhc8 23. Rf1 h6 24. Rxc1 Rxc1+ 25. Kd2 Rxf1 26. Bxf1 Ke5 27. Bd3 Kf4 28. Be4 Nc4+ 29. Kc3 Nd6 30. Kd4 g5 31. h3 Nxe4 32. fxe4 h5 33. b4 g4 34. hxg4 Kxg4 0-1

[Event "Ruhrgebiet VL2 0910"]
[Site "Germany"]
[Date "2010.03.21"]
[Round "8.3"]
[White "Hemmert, Burghard"]
[Black "Schlaap, Ralf"]
[Result "1/2-1/2"]
[WhiteElo "2002"]
[BlackElo "2229"]
[PlyCount "80"]
[EventDate "2009.09.06"]
[EventType "team-tourn"]
[EventRounds "9"]
[EventCountry "GER"]
[SourceTitle "EXT 2011"]
[Source "ChessBase"]
[SourceDate "2010.11.26"]
[SourceVersion "1"]
[SourceVersionDate "2010.11.26"]
[SourceQuality "1"]
[WhiteTeam "Oberhausen II"]
[BlackTeam "Hamm SVg"]
[WhiteTeamCountry "GER"]
[BlackTeamCountry "GER"]

1. e4 c6 2. d4 d5 3. e5 c5 4. c3 Nc6 5. Be3 Qb6 6. Qd2 cxd4 7. cxd4 Bf5 8. Nc3 e6 9. Bb5 Bb4 10. Nge2 Nge7 11. a3 Bxc3 12. Nxc3 0-0 13. Bxc6 Nxc6 14. b4 Rac8 15. 0-0 a5 16. b5 Na7 17. a4 Rc4 18. Rfc1 Rfc8 19. h3 Qd8 20. Ne2 b6 21. Rc3 Rxc3 22. Nxc3 Rc4 23. Qb2 Nc8 24. Qa3 Qe7 25. Qxe7 Nxe7 26. Ra3 Bc2 27. g4 f6 28. f4 Kf7 29. Kf2 Kg6 30. Ke2 f5 31. Bf2 fxg4 32. hxg4 Kf7 33. Ke3 h6 34. Bh4 g5 35. fxg5 Ng6 36. Bf2 hxg5 37. Kd2 Be4 38. Nxe4 dxe4 39. Ke3 Nf4 40. Kxe4 Nd5 1/2-1/2

[Event "Ruhrgebiet VL2 0910"]
[Site "Germany"]
[Date "2009.12.06"]
[Round "4.3"]
[White "Schlaap, Ralf"]
[Black "Banik, Thorsten"]
[Result "1/2-1/2"]
[WhiteElo "2229"]
[BlackElo "2124"]
[PlyCount "58"]
[EventDate "2009.09.06"]
[EventType "team-tourn"]
[EventRounds "9"]
[EventCountry "GER"]
[SourceTitle "EXT 2011"]
[Source "ChessBase"]
[SourceDate "2010.11.26"]
[SourceVersion "1"]
[SourceVersionDate "2010.11.26"]
[SourceQuality "1"]
[WhiteTeam "Hamm SVg"]
[BlackTeam "Ickern"]
[WhiteTeamCountry "GER"]
[BlackTeamCountry "GER"]

1. d4 Nf6 2. c4 g6 3. Nc3 d5 4. cxd5 Nxd5 5. e4 Nxc3 6. bxc3 c5 7. Bc4 Bg7 8. Ne2 Nc6 9. Be3 0-0 10. 0-0 Bg4 11. f3 Na5 12. Bxf7+ Rxf7 13. fxg4 Rxf1+ 14. Kxf1 Qd7 15. h3 cxd4 16. cxd4 Qe6 17. Qd3 Rc8 18. Kg1 Nc4 19. Bg5 Nb2 20. Qb3 Qxb3 21. axb3 Rc2 22. Kf1 Nd3 23. Bxe7 Rc7 24. Bh4 Rf7+ 25. Kg1 Nf4 26. Re1 Nxe2+ 27. Rxe2 Bxd4+ 28. Kh2 Be5+ 29. Bg3 Re7 1/2-1/2

[Event "Ruhrgebiet VL2 0910"]
[Site "Germany"]
[Date "2009.10.25"]
[Round "3.3"]
[White "Skolarski, Hans Georg"]
[Black "Schlaap, Ralf"]
[Result "1/2-1/2"]
[WhiteElo "2253"]
[BlackElo "2229"]
[PlyCount "38"]
[EventDate "2009.09.06"]
[EventType "team-tourn"]
[EventRounds "9"]
[EventCountry "GER"]
[SourceTitle "EXT 2011"]
[Source "ChessBase"]
[SourceDate "2010.11.26"]
[SourceVersion "1"]
[SourceVersionDate "2010.11.26"]
[SourceQuality "1"]
[WhiteTeam "Bottrop"]
[BlackTeam "Hamm SVg"]
[WhiteTeamCountry "GER"]
[BlackTeamCountry "GER"]

1. e4 c6 2. d4 d5 3. Nc3 dxe4 4. Nxe4 Bf5 5. Ng3 Bg6 6. Nf3 Nd7 7. h4 h6 8. h5 Bh7 9. Bd3 Bxd3 10. Qxd3 e6 11. Bd2 Ngf6 12. Qe2 Be7 13. 0-0-0 0-0 14. Ne5 Qc7 15. f4 c5 16. Nxd7 Qxd7 17. dxc5 Qc7 18. Ne4 Nxe4 19. Qxe4 Qxc5 1/2-1/2